000 00480nam a2200145Ia 4500
008 090122s9999 xx 000 0 und d
082 _b4041
_a615.82
100 _aवैद्य
_b
_c
245 _aआरोग्यासाठी योगासने
600 _aवैद्य
630 _aआरोग्यासाठी योगासने
700 _aवैद्य
730 _aआरोग्यासाठी योगासने
942 _cBOOK
999 _c28119
_d28119